Grab Bag (A-Z) III Quiz Stats

Quiz Updated Dec 1, 2011

Also try: Grab Bag (A-Z)
Challenge
Share
Tweet
Embed
Score 0/26 Timer 04:00
2 Plays Today
Category Answer % Correct
Simpsons Main Family MembersMaggie, Marge
95%
Major League Baseball CitiesBaltimore, Boston
94.9%
Standard Crayola ColorsYellow, Yellow Green, Yellow Orange
93.1%
Middle East CountriesIran, Iraq, Israel
92.5%
Countries of South AmericaChile, Colombia
91.8%
Countries of AfricaEgypt, Eritrea, Equatorial Guinea, Ethiopia
91.4%
Ivy League Colleges and CitiesHanover, Harvard
89.6%
2-Letter Scrabble WordsQi
86.8%
Percussion InstrumentsXylophone
85.4%
Second Period Elements (Periodic Table)Nitrogen, Neon
85.3%
-land and -stan CountriesTajikistan, Thailand, Turkmenistan
79.7%
U.S. State CapitalsJackson, Jefferson City, Juneau
77.8%
U.S. PresidentsFillmore, Ford
77%
Category Answer % Correct
5 W's of JournalismWho, What, Where, When, Why
76.8%
NBA TeamsKings, Knicks
75.8%
2010 U.S. Top 100 Baby NamesZachary, Zoe, Zoey
75.3%
European CapitalsReykjavik, Riga, Rome
74%
Countries of North AmericaGrenada, Guatemala
70%
Baltic StatesLatvia, Lithuania
69.3%
2012 Republican CandidatesPaul, Pawlenty, Perry
58.4%
Premier League Clubs (Ever)Arsenal, Aston Villa
57.2%
Top 100 Surnames (2000 U.S. Census)Davis, Diaz
53.8%
Spielberg Directing Oscar NomsSchindler's List, Saving Private Ryan
48.1%
Best Picture Oscar NomineesAn Unmarried Woman, Unforgiven, Up, Up in the Air
42.1%
Most Populous Spanish CitiesValencia, Valladolid, Vigo
38.6%
Legend of Zelda GamesOcarina of Time, Oracle of Seasons, Oracle of Ages
33.3%

You're not logged in!

Compare scores with friends on all Sporcle quizzes.
Join for Free
OR
Log In

You Might Also Like...

Show Comments

Extras

Top Quizzes Today


Score Distribution

Your Account Isn't Verified!

In order to create a playlist on Sporcle, you need to verify the email address you used during registration. Go to your Sporcle Settings to finish the process.

Report this User

Report this user for behavior that violates our Community Guidelines.

Details: